000
00264nam a2200109Ia 4500
008
230907s9999||||xx |||||||||||||| ||und||
082
_a
697
_b
ASH
245
0
_a
Ashrae standard 209-2018 :
260
_a
ASHRAE,
_b
Atlanta, GA :
_c
2018
300
_a
20 p.
942
_c
BK
999
_c
599505
_d
599505